000
00297nam a2200121Ia 4500
008
220204s9999 xx 000 0 und d
082
_a
312(540)
_b
AGA
100
_a
Agarwal, S N
245
0
_a
India's population problems
250
_a
Ed.2
260
_a
Delhi
_b
Tata Mcgraw Hill
_c
1977
942
_c
BK
999
_c
29211
_d
29211